Sustainable forests Global challenges and local solutions (Record no. 329226)

000 -LEADER
fixed length control field nam a22 7a 4500
001 - CONTROL NUMBER
control field 2204
003 - CONTROL NUMBER IDENTIFIER
control field ASAB
005 - DATE AND TIME OF LATEST TRANSACTION
control field 20170427125429.0
008 - FIXED-LENGTH DATA ELEMENTS--GENERAL INFORMATION
fixed length control field 170427b xxu||||| |||| 00| 0 eng d
020 ## - INTERNATIONAL STANDARD BOOK NUMBER
International Standard Book Number 81-8189-082-5
040 ## - CATALOGING SOURCE
Transcribing agency ASAB
082 ## - DEWEY DECIMAL CLASSIFICATION NUMBER
Classification number 634.9
245 ## - TITLE STATEMENT
Title Sustainable forests Global challenges and local solutions
Statement of responsibility, etc. by O. thomas bouman
246 ## - VARYING FORM OF TITLE
Title proper/short title sustainable forests global challenges and local solutions
260 ## - PUBLICATION, DISTRIBUTION, ETC.
Place of publication, distribution, etc. India
Name of publisher, distributor, etc. International book distributing co.
Date of publication, distribution, etc. 2005
300 ## - PHYSICAL DESCRIPTION
Extent 378 P.
942 ## - ADDED ENTRY ELEMENTS (KOHA)
Source of classification or shelving scheme
Koha item type Book
Holdings
Withdrawn status Lost status Source of classification or shelving scheme Damaged status Not for loan Collection code Permanent Location Current Location Date acquired Total Checkouts Full call number Barcode Date last seen Price effective from Koha item type
            Atta-ur-Rahman School of Applied Biosciences (ASAB) Atta-ur-Rahman School of Applied Biosciences (ASAB) 04/27/2017   634.9 BOU ASAB2204 04/27/2017 04/27/2017 Book
© 2023 Central Library, National University of Sciences and Technology. All Rights Reserved.